Kings of Greece - Statistics

General Stats
  • This quiz has been taken 45 times
  • The average score is 8 of 9
Answer Stats
Period Name % Correct
1913-1917 Constantine I
94%
1920-1922 Constantine I
94%
1964-1973 Constantine II
94%
1863-19013 George I
85%
1922-1924 George II
85%
1935-1947 George II
85%
1917-1920 Alexander
74%
1832-1862 Otto
74%
1947-1964 Paul
65%
No matching quizzes found
Score Distribution
Percent of People with Each Score
Percentile by Number Answered
Your Score History
You have not taken this quiz